000 00581nam a2200229Ia 4500
003 OSt
005 20220918213405.0
006 a|||||r|||| 00| 0
007 ta
008 220917b |||||||| |||| 00| 0 eng d
024 _a132,430
037 _cTextual
040 _aARTS
_cARTS
_beng
041 _2eng
_aeng
082 _aX:6, J1
100 _aHenderson R F
_9126739
245 0 _aNew issue market and the finance of industry
260 _aNA
_bNA
_c1951
650 _aECONOMICS
942 _hX:6, J1
_cTEXL
_2CC
999 _c255551
_d255551